Algebra / (Record no. 3932)

MARC details
000 -LEADER
fixed length control field 00562cam a22002052 4500
001 - CONTROL NUMBER
control field 0000019427
005 - DATE AND TIME OF LATEST TRANSACTION
control field 20151217145915.0
008 - FIXED-LENGTH DATA ELEMENTS--GENERAL INFORMATION
fixed length control field 101115s xx 000 0 eng d
020 ## - INTERNATIONAL STANDARD BOOK NUMBER
International Standard Book Number 0132413770
040 ## - CATALOGING SOURCE
Original cataloging agency KABU
Transcribing agency KABU
050 #0 - LIBRARY OF CONGRESS CALL NUMBER
Classification number QA154.2
Item number .A78 2011
100 1# - MAIN ENTRY--PERSONAL NAME
Personal name Artin, Michael.
-- 0000155114
245 10 - TITLE STATEMENT
Title Algebra /
Statement of responsibility, etc. Michael Artin.
260 ## - PUBLICATION, DISTRIBUTION, ETC. (IMPRINT)
Place of publication, distribution, etc. Boston :
Name of publisher, distributor, etc. Prentice-Hall,
Date of publication, distribution, etc. 2011.
300 ## - PHYSICAL DESCRIPTION
Extent xv, 543 p.
650 #0 - SUBJECT ADDED ENTRY--TOPICAL TERM
Topical term or geographic name as entry element Algebra.
-- 0000155076
852 1# - LOCATION
-- p8728.20 KES
908 ## - PUT COMMAND PARAMETER (RLIN)
Put command parameter 101115
950 ## - LOCAL HOLDINGS (RLIN)
-- 1
Holdings
Withdrawn status Lost status Source of classification or shelving scheme Not for loan Home library Current library Date acquired Total Checkouts Full call number Barcode Date last seen Date last checked out Price effective from Koha item type
    Library of Congress Classification   Kabarak, Main Campus Kabarak, Main Campus 17/12/2015 4 QA154.2 .A78 2011 c. 1 23224 23/07/2019 15/07/2019 17/12/2015 General Collection
Designed with assistance from East African Informatics Ltd